| 000 | 00642nam a2200217 a 4500 | ||
|---|---|---|---|
| 999 |
_c1274 _d1274 |
||
| 008 | 191216t2011 xxua|||g |||| 001 0 eng d | ||
| 020 |
_a9780470496343 _c$ 131.00 |
||
| 040 |
_aKO _beng |
||
| 041 | 0 | _aeng | |
| 044 | _axxu | ||
| 082 | 0 | 4 |
_223 _a658.403 _bB7338 |
| 100 | 1 | _aBrandimarte, Paolo | |
| 245 | 1 | 0 |
_aQuantitative Methods : _ban introduction for business management / _cPaolo Brandimarte |
| 260 |
_aNew Jersey : _bJohn Wiley & Sons Inc. , _c2011. |
||
| 300 |
_axxiv, 886 p. : _bill. ; _c24 cm |
||
| 504 | _aIncludes Index | ||
| 650 | 0 |
_aManagement _xMathematical models _vTextbooks |
|
| 904 | _aA_BOSE | ||
| 942 | _cBK | ||